Вып. 6; Геология и нефтегазоносность Туркменистана

Détails bibliographiques
Parent link:Геология и нефтегазоносность Туркменистана: [сборник статей]/ Туркменский научно-исследовательский геологоразведочный институт (ТуркменНИГРИ). Вып. 6.— , 1976-1981
Autres auteurs: Ходжакулиев Я. А. Ягшимурад Агамурадович (редактор)
Langue:russe
Publié: 1980
Sujets:
Format: Livre
KOHA link:https://koha.lib.tpu.ru/cgi-bin/koha/opac-detail.pl?biblionumber=329133

MARC

LEADER 00000nam2a2200000 4500
001 329133
005 20231102004130.0
035 |a (RuTPU)RU\TPU\book\354875 
035 |a RU\TPU\book\354873 
090 |a 329133 
100 |a 20170309d1980 k y0rusy5003 ca 
101 0 |a rus 
102 |a TM 
105 |a a z 001zy 
200 0 |a Вып. 6  |f отв. ред. Я. А. Ходжакулиев 
210 |d 1980 
215 |a 95 с.  |c ил. 
320 |a Библиография в конце статей 
461 1 |0 (RuTPU)RU\TPU\book\327986  |t Геология и нефтегазоносность Туркменистана  |o [сборник статей]  |f Туркменский научно-исследовательский геологоразведочный институт (ТуркменНИГРИ)  |v Вып. 6  |d 1976-1981 
606 1 |a Геология  |y Туркмения  |2 stltpush  |3 (RuTPU)RU\TPU\subj\72287  |9 85849 
610 1 |a нефтегазоносность 
610 1 |a Туркменистан 
610 1 |a земная кора 
610 1 |a планетарная трещиноватость 
610 1 |a тектоническая делимость 
610 1 |a рельеф 
610 1 |a литофациальные особенности 
610 1 |a разрывные нарушения 
610 1 |a субширотные зоны 
610 1 |a минерализация 
610 1 |a перспективные нефтегазовые месторождения 
610 1 |a тренд-анализ 
610 1 |a верхняя юра 
610 1 |a соленосные формации 
610 1 |a подстилающие отложения 
610 1 |a ловушки 
610 1 |a поиск 
610 1 |a красноцветные формации 
610 1 |a разведка 
675 |a 55(575.4)  |z rus  |v 4 
702 1 |a Ходжакулиев  |b Я. А.  |g Ягшимурад Агамурадович  |4 340 
801 0 |a RU  |b RuMRKP  |c 19950704  |g psbo 
801 1 |a RU  |b 63413507  |c 20151022 
801 2 |a RU  |b 63413507  |c 20170419  |g RCR 
942 |c BK